[Event "ch-Frankfurt A"]
[Site "Frankfurt"]
[Date "2023.06.05"]
[Round "5"]
[White "Ackermann, Robert"]
[Black "Diehl, Stefan"]
[Result "0-1"]
[WhiteElo "1687"]
[BlackElo "1784"]
[PlyCount "108"]
[EventDate "2023.04.24"]
[EventType "swiss"]
[EventCountry "GER"]

1. Nf3 f5 2. d4 Nf6 3. g3 e6 4. Bg2 c5 5. c3 Nc6 6. O-O Be7 7. Nbd2 O-O 8. Re1 Ne4 9. Nf1 cxd4 10. cxd4 d5 11. e3 Bd7 12. N3d2 Rc8 13. f3 Nf6 14. a3 Qb6 15. Rb1 e5 16. dxe5 Nxe5 17. b4 Nd3 18. Re2 Bb5 19. Nb3 Nxc1 20. Nxc1 Bxe2 21. Nxe2 Rfd8 22. Nd4 g6 23. Qd3 Rc7 24. Nd2 Rdc8 25. N2b3 Rc3 26. Qd2 Nd7 27. Nxf5 gxf5 28. Qxd5+ Kf8 29. Qxd7 Qxe3+ 30. Kf1 Qd3+ 31. Qxd3 Rxd3 32. f4 b6 33. Bh3 Rcc3 34. Na1 Rd5 35. Nb3 Kf7 36. Bg2 Rdd3 37. Na1 Rxa3 38. b5 Bc5 39. g4 Rd2 40. Bc6 Rf2+ 41. Ke1 fxg4 42. Nb3 Be3 43. Rd1 Rxb3 44. Bd5+ Kf6 45. Bxb3 Rxh2 46. Rd7 Bxf4 47. Rxa7 Be3 48. Rf7+ Ke5 49. Rg7 h5 50. Bc4 Kd4 51. Be6 g3 52. Rd7+ Ke5 53. Bd5 g2 54. Bxg2 Rxg2 0-1

[Event "ch-Frankfurt A"]
[Site "Frankfurt"]
[Date "2023.06.05"]
[Round "5"]
[White "Adair, Robin"]
[Black "Mueller, Jens"]
[Result "1-0"]
[WhiteElo "2022"]
[BlackElo "1413"]
[PlyCount "63"]
[EventDate "2023.04.24"]
[EventType "swiss"]
[EventCountry "GER"]

1. c4 e5 2. Nc3 Nf6 3. e4 Bb4 4. d3 O-O 5. Bd2 a6 6. g3 d6 7. h3 Nc6 8. Bg2 Be6 9. Nge2 Bc5 10. Nd5 h6 11. O-O Ne8 12. Kh2 f5 13. f4 Qd7 14. Nec3 Nf6 15. Nxf6+ Rxf6 16. Nd5 Rff8 17. Rb1 Bd4 18. b4 Ne7 19. fxe5 dxe5 20. Qh5 Bf7 21. Qe2 Nxd5 22. cxd5 Bg6 23. Be3 Bxe3 24. Qxe3 Rad8 25. Rb2 f4 26. gxf4 exf4 27. Rxf4 Qe7 28. Rxf8+ Rxf8 29. Qg3 h5 30. Rc2 h4 31. Qxc7 Qxb4 32. Qe5 1-0

[Event "ch-Frankfurt A"]
[Site "Frankfurt"]
[Date "2023.06.05"]
[Round "5"]
[White "Belin, Anton"]
[Black "Nickel, Jonas"]
[Result "1/2-1/2"]
[WhiteElo "1662"]
[BlackElo "1797"]
[PlyCount "95"]
[EventDate "2023.04.24"]
[EventType "swiss"]
[EventCountry "GER"]

1. e4 c5 2. Nc3 g6 3. d4 cxd4 4. Qxd4 Nf6 5. f3 Nc6 6. Qd2 Bg7 7. b3 d5 8. Bb2 d4 9. Nce2 e5 10. O-O-O Qe7 11. g4 Bxg4 12. fxg4 Nxg4 13. Qe1 Bh6+ 14. Kb1 Ne3 15. Rd3 Nb4 16. Rxe3 Bxe3 17. Bh3 Qc5 18. Qd1 Rd8 19. a3 Nxc2 20. Qxc2 Qxc2+ 21. Kxc2 d3+ 22. Kd1 dxe2+ 23. Kxe2 Rd2+ 24. Kxe3 Rxb2 25. b4 Rb3+ 26. Kf2 O-O 27. Nf3 f5 28. exf5 e4 29. Ng5 gxf5 30. Rg1 Kh8 31. Bf1 h6 32. Ne6 Rf3+ 33. Kg2 Rc8 34. Be2 Rxa3 35. Kh1 Rc2 36. Nf4 Rc8 37. Bh5 Rg8 38. Rd1 Ra6 39. b5 Rf6 40. Rd7 Rg7 41. Rd8+ Kh7 42. Nd5 Re6 43. Rf8 a6 44. bxa6 bxa6 45. Nf6+ Rxf6 46. Rxf6 Rg5 47. Be2 a5 48. h4 1/2-1/2

[Event "ch-Frankfurt A"]
[Site "Frankfurt"]
[Date "2023.06.05"]
[Round "5"]
[White "Bittner, Peter"]
[Black "Wachsmann, Dietmar"]
[Result "0-1"]
[WhiteElo "1852"]
[BlackElo "1981"]
[PlyCount "46"]
[EventDate "2023.04.24"]
[EventType "swiss"]
[EventCountry "GER"]

1. d4 d5 2. Bf4 c5 3. c3 Nc6 4. e3 Qb6 5. Qb3 c4 6. Qxb6 axb6 7. Nd2 b5 8. Ngf3 Nf6 9. Be2 Bf5 10. O-O b4 11. Ne5 e6 12. Nxc6 bxc3 13. bxc3 bxc6 14. Bf3 Ba3 15. Nxc4 dxc4 16. Bxc6+ Ke7 17. Bxa8 Rxa8 18. f3 Bd3 19. Rf2 Nd5 20. g4 Nxc3 21. g5 Ne2+ 22. Kg2 Nxf4+ 23. exf4 c3 0-1

[Event "ch-Frankfurt A"]
[Site "Frankfurt"]
[Date "2023.06.05"]
[Round "5"]
[White "Bonnaire, Ulrich"]
[Black "Engel, Manfred"]
[Result "1/2-1/2"]
[WhiteElo "2135"]
[BlackElo "2234"]
[PlyCount "42"]
[EventDate "2023.04.24"]
[EventType "swiss"]
[EventCountry "GER"]

1. e4 c5 2. Nc3 Nc6 3. g3 g6 4. d3 Bg7 5. Be3 d6 6. Qd2 Rb8 7. O-O-O b5 8. Kb1 b4 9. Nce2 Nd4 10. Bh3 h5 11. Bxc8 Qxc8 12. f4 Nh6 13. h3 a5 14. Rf1 a4 15. Nf3 Nxf3 16. Rxf3 c4 17. dxc4 Qxc4 18. Qd3 Qxd3 19. cxd3 Kd7 20. Rc1 Rhc8 21. Rff1 e6 1/2-1/2

[Event "ch-Frankfurt A"]
[Site "Frankfurt"]
[Date "2023.06.05"]
[Round "5"]
[White "Brauch, Manfred"]
[Black "Lauterbach, Ingrid"]
[Result "1-0"]
[WhiteElo "1777"]
[BlackElo "2004"]
[PlyCount "103"]
[EventDate "2023.04.24"]
[EventType "swiss"]
[EventCountry "GER"]

1. Nf3 g6 2. d4 Bg7 3. Nbd2 d5 4. e3 Nd7 5. Bb5 c6 6. Be2 Nh6 7. e4 O-O 8. O-O Qb6 9. c3 e6 10. e5 f6 11. exf6 Nxf6 12. Ne5 Nf5 13. Ndf3 c5 14. dxc5 Qxc5 15. Nd3 Qb6 16. Nfe5 Ne4 17. Bf3 Qc7 18. Ng4 Nfd6 19. Bh6 Bxh6 20. Nxh6+ Kg7 21. Ng4 Ng5 22. Be2 Nge4 23. Bf3 b6 24. Nde5 h5 25. Ne3 Ba6 26. Be2 Bxe2 27. Qxe2 Ne8 28. Nf3 N8f6 29. c4 Rad8 30. cxd5 exd5 31. Rac1 Qd6 32. Nd4 Qd7 33. Rc7 Qxc7 34. Ne6+ Kf7 35. Nxc7 Rd7 36. Nexd5 Nxd5 37. Nxd5 Re8 38. Qb5 Nc5 39. Nxb6 axb6 40. b4 Rc7 41. bxc5 bxc5 42. Qc4+ Kg7 43. h3 Rd8 44. Qc3+ Kh7 45. a4 c4 46. a5 Rd3 47. Qe5 Rcd7 48. Qc5 c3 49. Re1 Kg8 50. Re8+ Kh7 51. Qf8 g5 52. Qg8+ 1-0

[Event "ch-Frankfurt A"]
[Site "Frankfurt"]
[Date "2023.06.05"]
[Round "5"]
[White "Calvi, Stefan"]
[Black "Zimmer, Gerald"]
[Result "1-0"]
[WhiteElo "1947"]
[BlackElo "1915"]
[PlyCount "41"]
[EventDate "2023.04.24"]
[EventType "swiss"]
[EventCountry "GER"]

1. e4 e6 2. d3 d5 3. Qe2 Be7 4. Nf3 dxe4 5. dxe4 Bd7 6. c3 c5 7. g3 Qc7 8. Bf4 Bd6 9. e5 Be7 10. Bg2 Bc6 11. Na3 Nd7 12. h4 h6 13. Nb5 Qb6 14. c4 a6 15. Nc3 Bd8 16. O-O Ne7 17. h5 g6 18. Ne4 Bc7 19. Nd6+ Bxd6 20. exd6 g5 21. Be5 1-0

[Event "ch-Frankfurt A"]
[Site "Frankfurt"]
[Date "2023.06.05"]
[Round "5"]
[White "Casagrande, Thomas"]
[Black "Schulze, Manfred"]
[Result "1-0"]
[WhiteElo "2015"]
[BlackElo "1887"]
[PlyCount "57"]
[EventDate "2023.04.24"]
[EventType "swiss"]
[EventCountry "GER"]

1. e4 d5 2. exd5 Nf6 3. d4 Nxd5 4. c4 Nf6 5. Nf3 Bg4 6. h3 Bxf3 7. Qxf3 Qxd4 8. Qxb7 Qe4+ 9. Qxe4 Nxe4 10. Be2 Nf6 11. Bf3 c6 12. O-O g6 13. Nc3 Bg7 14. Nb5 Kd7 15. Rd1+ Kc8 16. Bf4 Ne8 17. Bxb8 Rxb8 18. Nxa7+ Kc7 19. Nxc6 Rxb2 20. Nxe7 Nf6 21. a4 Nd7 22. Nd5+ Kb8 23. Rab1 Rxb1 24. Rxb1+ Ka7 25. Ne7 Ne5 26. Bb7 Rd8 27. f4 Rd7 28. Nc8+ Kb8 29. Ba6+ 1-0

[Event "ch-Frankfurt A"]
[Site "Frankfurt"]
[Date "2023.06.05"]
[Round "5"]
[White "Diehl, Felix"]
[Black "Nehmert, Ulrich"]
[Result "1/2-1/2"]
[WhiteElo "1780"]
[BlackElo "2218"]
[PlyCount "49"]
[EventDate "2023.04.24"]
[EventType "swiss"]
[EventCountry "GER"]

1. e4 c6 2. d4 d5 3. Nc3 dxe4 4. Nxe4 Nf6 5. Nxf6+ exf6 6. Nf3 Bd6 7. Be2 Na6 8. O-O h5 9. Re1 Kf8 10. c4 h4 11. a3 Nc7 12. Be3 a5 13. Qc2 a4 14. Rad1 Bd7 15. d5 c5 16. Qc1 Ne8 17. Bf4 Qc7 18. Bxd6+ Qxd6 19. Bd3 Bg4 20. Re3 Qd7 21. Rde1 Bxf3 22. Rxf3 Nd6 23. Rfe3 Rh5 24. Qc3 Rg5 25. Re7 1/2-1/2

[Event "ch-Frankfurt A"]
[Site "Frankfurt"]
[Date "2023.06.05"]
[Round "5"]
[White "Enneking, Hermann"]
[Black "Vollbracht, Henrik"]
[Result "1-0"]
[WhiteElo "1757"]
[BlackElo "1488"]
[PlyCount "95"]
[EventDate "2023.04.24"]
[EventType "swiss"]
[EventCountry "GER"]

1. e4 c6 2. d4 d5 3. Bd3 dxe4 4. Bxe4 Nf6 5. Bf3 Bf5 6. Ne2 e6 7. Ng3 Bg6 8. O-O Bd6 9. Re1 O-O 10. c3 Nbd7 11. Nd2 Rc8 12. Qb3 b6 13. Qa4 Qc7 14. Ndf1 c5 15. Be3 Rfe8 16. Rad1 a5 17. dxc5 bxc5 18. Rd2 Ne5 19. Be2 c4 20. Red1 Bd3 21. b3 Bxe2 22. Nxe2 Ne4 23. Rd4 Nc5 24. Qa3 Be7 25. Qb2 Ncd3 26. Qc2 Bc5 27. Rh4 Bxe3 28. Nxe3 cxb3 29. axb3 Ng6 30. Rc4 Nc5 31. b4 Qb6 32. bxc5 Rxc5 33. Rxc5 Qxc5 34. Qa4 Rb8 35. Qc4 Qh5 36. Qc7 Rf8 37. Nd4 Ne5 38. Ra1 Nd3 39. Rxa5 Qh4 40. g3 Qh3 41. Qc4 e5 42. Qxd3 exd4 43. cxd4 Rc8 44. d5 g6 45. d6 Rc1+ 46. Nf1 Qd7 47. Ra8+ Kg7 48. Qd4+ 1-0

[Event "ch-Frankfurt A"]
[Site "Frankfurt"]
[Date "2023.06.05"]
[Round "5"]
[White "Froehlich Dill, Astrid"]
[Black "Biegel, Thomas"]
[Result "1/2-1/2"]
[WhiteElo "1768"]
[BlackElo "1965"]
[PlyCount "142"]
[EventDate "2023.04.24"]
[EventType "swiss"]
[EventCountry "GER"]

1. d4 Nf6 2. Nf3 e6 3. c4 d5 4. Nc3 c6 5. e3 Nbd7 6. Bd3 dxc4 7. Bxc4 b5 8. Bd3 Bb7 9. O-O a6 10. e4 Be7 11. Bf4 c5 12. e5 Nd5 13. Bg3 cxd4 14. Nxd4 Nc5 15. Bc2 Nxc3 16. bxc3 Qa5 17. Nb3 Qc7 18. Qg4 g6 19. Rac1 h5 20. Qe2 h4 21. Bf4 Qc6 22. f3 Nxb3 23. axb3 Qc5+ 24. Kh1 Bd5 25. Be4 Rd8 26. Be3 Qc6 27. Bxd5 Qxd5 28. Bb6 Rb8 29. c4 bxc4 30. bxc4 Qc6 31. c5 Rh5 32. h3 Bd8 33. Bxd8 Rxd8 34. f4 Rd5 35. Qb2 Rf5 36. Qb6 Qxb6 37. cxb6 Rb5 38. Rc6 Kf8 39. Rd1 Rxf4 40. Rd8+ Kg7 41. Rcc8 Rf1+ 42. Kh2 Rxb6 43. Rh8 f5 44. exf6+ Rxf6 45. Rcg8+ Kf7 46. Rf8+ Ke7 47. Rxf6 Kxf6 48. Rxh4 a5 49. Ra4 Ra6 50. Kg3 Kf5 51. Kf3 Ke5 52. h4 Kd5 53. g4 e5 54. g5 Ra8 55. Ke3 Ra7 56. Kd3 Ke6 57. Ke4 Ra8 58. Ke3 Kf5 59. Kf3 Ra7 60. Ke3 Ra6 61. Kf3 Ke6 62. Kg4 Kd5 63. h5 gxh5+ 64. Kxh5 e4 65. g6 Ra8 66. g7 Rg8 67. Kg6 e3 68. Kf7 e2 69. Rxa5+ Kd4 70. Ra1 Rxg7+ 71. Kxg7 Ke3 1/2-1/2

[Event "ch-Frankfurt A"]
[Site "Frankfurt"]
[Date "2023.06.05"]
[Round "5"]
[White "Grinberg, Igor"]
[Black "Rotermund, Verena"]
[Result "1/2-1/2"]
[WhiteElo "1428"]
[BlackElo "1553"]
[PlyCount "146"]
[EventDate "2023.04.24"]
[EventType "swiss"]
[EventCountry "GER"]

{[%evp 0,145,28,23,23,23,64,23,58,67,66,40,52,28,8,11,7,7,12,22,17,17,15,7,68,68,116,51,46,35,40,0,31,-36,-37,-31,25,16,33,24,31,-2,31,21,23,23,27,26,49,41,78,24,26,5,7,10,18,-11,40,51,79,62,57,33,60,65,62,27,21,50,45,53,59,26,26,21,69,54,47,42,33,42,30,30,30,30,57,49,62,49,8,2,19,5,16,1,8,4,19,16,19,0,0,-20,0,0,19,19,24,18,22,12,22,25,42,25,42,40,46,42,25,-24,-27,0,-5,-17,-14,-14,0,0,0,0,0,0,0,0,0,0,0,0,0,0,1,0,0,0,0,0]} 1. d4 Nf6 2. Nf3 d6 3. Bf4 g6 4. h3 Bg7 5. e3 c5 6. c3 O-O 7. Nbd2 Nc6 8. Be2 Nh5 9. Bh2 cxd4 10. exd4 e5 11. Nb3 f5 12. dxe5 dxe5 13. Qxd8 Rxd8 14. O-O Bf6 15. Rad1 Be6 16. Rxd8+ Rxd8 17. Rd1 Bxb3 18. Rxd8+ Bxd8 19. axb3 Bf6 20. Nd2 Ng7 21. Nc4 Ne8 22. b4 a6 23. Nb6 Nd6 24. Nd7 Bg7 25. f3 Kf7 26. Kf1 Ke7 27. Nc5 Bh6 28. Nb3 f4 29. Bg1 Nf5 30. Bc5+ Kd7 31. Kf2 Ng3 32. Bd3 Kc7 33. b5 axb5 34. Bxb5 b6 35. Ba3 Bg5 36. Bd3 Bh4 37. Kg1 Nd8 38. Nd2 Nc6 39. Nc4 b5 40. Nd2 Kb6 41. b4 Be7 42. Kf2 Nh5 43. Ne4 Ng7 44. g4 fxg3+ 45. Nxg3 Ne6 46. Bc1 Nf4 47. Bxf4 exf4 48. Ne2 Ne5 49. Be4 Bg5 50. Kg2 Nc4 51. Kf2 Ne3 52. Ke1 Bh6 53. Kd2 Nc4+ 54. Kd3 Ne5+ 55. Kc2 Nf7 56. h4 Ne5 57. Nd4 Nc4 58. Ne6 Ne3+ 59. Kd3 Ng2 60. h5 gxh5 61. Bxh7 h4 62. Bf5 Ne3 63. Bh3 Nd1 64. Kd2 Nf2 65. Bg2 h3 66. Ke2 Nd1 67. Bxh3 Nxc3+ 68. Kd3 Nd5 69. Ke4 Nxb4 70. Nxf4 Kc5 71. Nd3+ Kc4 72. Be6+ Kc3 73. Nxb4 Kxb4 1/2-1/2

[Event "ch-Frankfurt A"]
[Site "Frankfurt"]
[Date "2023.06.05"]
[Round "5"]
[White "Gutacker, Stephan"]
[Black "Klingler, Stefan"]
[Result "1-0"]
[WhiteElo "1886"]
[BlackElo "1578"]
[PlyCount "55"]
[EventDate "2023.04.24"]
[EventType "swiss"]
[EventCountry "GER"]

1. e4 e6 2. d4 d6 3. Nf3 Nd7 4. c4 Ne7 5. Nc3 a6 6. Bd3 b6 7. O-O Bb7 8. Bg5 h6 9. Bh4 g5 10. Bg3 Ng6 11. e5 Nf4 12. Bxf4 gxf4 13. Be4 Bxe4 14. Nxe4 dxe5 15. dxe5 Be7 16. Qd2 Bg5 17. Rad1 Rg8 18. h4 Bxh4 19. Nxh4 Qxh4 20. Qxd7+ Kf8 21. f3 Kg7 22. Qd2 Kg6 23. Qf2 Qe7 24. Nf6 Kf5 25. Rd7 Qb4 26. Qc2+ Kxe5 27. Nxg8 Rxg8 28. Qe4+ 1-0

[Event "ch-Frankfurt A"]
[Site "Frankfurt"]
[Date "2023.06.05"]
[Round "5"]
[White "Hochmuth, Christian"]
[Black "Schmieder, Stefan"]
[Result "1-0"]
[WhiteElo "2002"]
[BlackElo "1872"]
[PlyCount "61"]
[EventDate "2023.04.24"]
[EventType "swiss"]
[EventCountry "GER"]

1. d4 d5 2. c4 e6 3. Nf3 Nf6 4. Nc3 Be7 5. Bf4 a6 6. c5 Nc6 7. a3 O-O 8. e3 Nh5 9. Bd3 Nxf4 10. exf4 Bf6 11. Bc2 b6 12. b4 a5 13. b5 Nxd4 14. Nxd4 bxc5 15. Nde2 Bb7 16. O-O e5 17. fxe5 Bxe5 18. Qd3 f5 19. f4 Bf6 20. Rad1 Kh8 21. Nxd5 Bxd5 22. Qxd5 Bd4+ 23. Rxd4 cxd4 24. Qxd4 Qe7 25. Ng3 Qxa3 26. Nxf5 Rf7 27. Qe4 Raf8 28. Nd6 g6 29. Nxf7+ Rxf7 30. Rd1 Qc5+ 31. Qd4+ 1-0

[Event "ch-Frankfurt A"]
[Site "Frankfurt"]
[Date "2023.06.05"]
[Round "5"]
[White "Klamser, Dietmar"]
[Black "Zeyen, Helmut"]
[Result "1-0"]
[WhiteElo "1733"]
[BlackElo "1799"]
[PlyCount "71"]
[EventDate "2023.04.24"]
[EventType "swiss"]
[EventCountry "GER"]

1. e4 d5 2. exd5 Nf6 3. d4 Nxd5 4. c4 Nb6 5. Be3 g6 6. Nc3 Bg7 7. h3 Nc6 8. Nf3 Na5 9. Rc1 O-O 10. b3 c5 11. d5 Nd7 12. Be2 b6 13. Qd2 Nb7 14. Bh6 Nd6 15. Bxg7 Kxg7 16. O-O Nf6 17. Rcd1 Nfe4 18. Nxe4 Nxe4 19. Qe3 Nd6 20. Rfe1 Qc7 21. Bf1 Re8 22. Qf4 a5 23. Bd3 a4 24. Bc2 a3 25. g4 Nb5 26. d6 Qb8 27. cxb5 Bb7 28. Ng5 Rf8 29. Qe5+ Kg8 30. Qxe7 h6 31. Ne4 Bxe4 32. Bxe4 Ra7 33. Qf6 Rd8 34. Bc6 Rad7 35. Bxd7 Rxd7 36. Re7 1-0

[Event "ch-Frankfurt A"]
[Site "Frankfurt"]
[Date "2023.06.05"]
[Round "5"]
[White "Lopez Fuertes, Victor"]
[Black "Rabiya, Karim"]
[Result "0-1"]
[WhiteElo "1660"]
[BlackElo "1764"]
[PlyCount "64"]
[EventDate "2023.04.24"]
[EventType "swiss"]
[EventCountry "GER"]

1. e4 Nf6 2. Nc3 e5 3. Nf3 Nc6 4. Bc4 Nxe4 5. Bxf7+ Kxf7 6. Nxe4 d5 7. Neg5+ Kg8 8. d4 h6 9. Nh3 Bg4 10. dxe5 Nxe5 11. Nhg1 c6 12. h3 Bh5 13. Qe2 Qf6 14. Be3 Bb4+ 15. c3 Nxf3+ 16. Nxf3 Bxc3+ 17. Kf1 Bxf3 18. gxf3 Be5 19. f4 Bxf4 20. Rg1 Bxe3 21. Qxe3 Rf8 22. Re1 Qf3 23. Qe6+ Qf7 24. Qe3 Kh7 25. Rg2 b6 26. Qa3 Re8 27. Qd3+ g6 28. Rxe8 Rxe8 29. h4 Qe6 30. Qb1 Qe2+ 31. Kg1 Qe1+ 32. Qxe1 Rxe1+ 0-1

[Event "ch-Frankfurt A"]
[Site "Frankfurt"]
[Date "2023.06.05"]
[Round "5"]
[White "Manasek, Martin"]
[Black "Rondonuwu, Grover"]
[Result "0-1"]
[WhiteElo "1519"]
[BlackElo "2047"]
[PlyCount "104"]
[EventDate "2023.04.24"]
[EventType "swiss"]
[EventCountry "GER"]

1. d4 d5 2. c4 c6 3. Nc3 Nf6 4. Nf3 a6 5. Qc2 e6 6. Bf4 Nbd7 7. e3 Be7 8. Bd3 dxc4 9. Bxc4 b5 10. Bd3 Bb7 11. O-O c5 12. dxc5 Nxc5 13. Rad1 Qb6 14. Qb1 O-O 15. Bc2 Rfd8 16. b4 Ncd7 17. Ne4 Nd5 18. Rd4 Nxf4 19. exf4 h6 20. Rfd1 Nf6 21. Rxd8+ Rxd8 22. Nxf6+ Bxf6 23. Ne5 Qc7 24. Rxd8+ Qxd8 25. Qd1 Qc7 26. Qe2 Qc3 27. Nd3 Bd4 28. Bb3 Qc6 29. Qf1 g6 30. h4 h5 31. Ne1 Qe4 32. Nd3 Bf6 33. Bd1 Qd4 34. Bf3 Bxf3 35. gxf3 Bxh4 36. Kg2 Be7 37. a3 Qc3 38. Ne5 Bd6 39. Qd3 Bxe5 40. Qd8+ Kg7 41. fxe5 Qxe5 42. Qd2 g5 43. Qc2 Qd5 44. Qc3+ e5 45. Qe3 Kg6 46. Qb6+ Qe6 47. Qe3 f6 48. Qe4+ Kh6 49. Qa8 Kg6 50. Qe4+ f5 51. Qe2 e4 52. a4 exf3+ 0-1

[Event "ch-Frankfurt A"]
[Site "Frankfurt"]
[Date "2023.06.05"]
[Round "5"]
[White "Mayer, Rolf"]
[Black "Klikic, Drazen"]
[Result "1-0"]
[WhiteElo "1555"]
[BlackElo "1499"]
[PlyCount "101"]
[EventDate "2023.04.24"]
[EventType "swiss"]
[EventCountry "GER"]

1. d4 d5 2. Bf4 Nf6 3. Nf3 e6 4. e3 c5 5. c3 Nc6 6. Bb5 Bd7 7. Nbd2 a6 8. Bxc6 Bxc6 9. Ne5 Rc8 10. a4 cxd4 11. exd4 Bd6 12. O-O O-O 13. Re1 Nd7 14. Nxf7 Rxf7 15. Bxd6 Qf6 16. Nf3 Re8 17. Qd2 b5 18. axb5 Bxb5 19. Ng5 Nb6 20. Be5 Nc4 21. Bxf6 Nxd2 22. Nxf7 Kxf7 23. Be5 Rc8 24. Re3 g6 25. h4 Ke7 26. Rh3 Nc4 27. Ra2 Rf8 28. f4 Nxe5 29. fxe5 Rf1+ 30. Kh2 Rf2 31. Rf3 Rc2 32. Kg3 Bc4 33. Ra3 Rxb2 34. Rf2 Rb1 35. Kg4 Rc1 36. Kg5 Bd3 37. Kh6 Rh1 38. Kg7 Rf1 39. Rxf1 Bxf1 40. g3 Bd3 41. Kxh7 Kd7 42. Kg7 Ke7 43. g4 Be2 44. h5 gxh5 45. gxh5 Bxh5 46. Rxa6 Be8 47. Ra7+ Bd7 48. Rc7 Ke8 49. Kf6 Kd8 50. Ra7 Kc8 51. Ke7 1-0

[Event "ch-Frankfurt A"]
[Site "Frankfurt"]
[Date "2023.06.05"]
[Round "5"]
[White "Orlinski, Wolfgang"]
[Black "Bischoff, Ulrich"]
[Result "1/2-1/2"]
[WhiteElo "1933"]
[BlackElo "1964"]
[PlyCount "98"]
[EventDate "2023.04.24"]
[EventType "swiss"]
[EventCountry "GER"]

1. d4 d5 2. Nf3 Nf6 3. Bg5 e6 4. e3 Be7 5. Be2 h6 6. Bh4 Ne4 7. Bxe7 Qxe7 8. O-O O-O 9. Nbd2 b6 10. Nxe4 dxe4 11. Nd2 Bb7 12. c4 Nd7 13. Qc2 f5 14. Rfd1 Rfd8 15. Rac1 c5 16. Nb3 Rac8 17. dxc5 Nxc5 18. Nxc5 Qxc5 19. Qc3 a5 20. a3 Ba6 21. Rxd8+ Rxd8 22. b4 axb4 23. axb4 Qc7 24. b5 Bb7 25. c5 Qxc5 26. Qxc5 bxc5 27. Rxc5 Rd2 28. Kf1 Rb2 29. Bc4 Bd5 30. Bxd5 exd5 31. Rxd5 g6 32. h3 h5 33. g4 hxg4 34. hxg4 fxg4 35. Kg2 Kf7 36. Rd4 Rxb5 37. Rxe4 Kf6 38. Rxg4 g5 39. Ra4 Kf5 40. Kg3 Rb1 41. Ra5+ Kf6 42. Kf3 Rb4 43. e4 Rb1 44. Rf5+ Kg6 45. Rf8 Re1 46. Ra8 Kf6 47. Ra6+ Ke5 48. Ra5+ Kf6 49. Rb5 Ra1 1/2-1/2

[Event "ch-Frankfurt A"]
[Site "Frankfurt"]
[Date "2023.06.05"]
[Round "5"]
[White "Ottenburg, Ralph"]
[Black "Hedrich, Gerd"]
[Result "1-0"]
[WhiteElo "1936"]
[BlackElo "1335"]
[PlyCount "75"]
[EventDate "2023.04.24"]
[EventType "swiss"]
[EventCountry "GER"]

1. e4 e5 2. Nf3 Nc6 3. Bc4 Nf6 4. d3 Bc5 5. c3 a6 6. Bb3 d6 7. h3 h6 8. Nbd2 Qe7 9. Nf1 Be6 10. Bc2 Ba7 11. Qe2 g5 12. Be3 Nd7 13. Bxa7 Nxa7 14. Ne3 c6 15. d4 exd4 16. Nxd4 O-O-O 17. Ndf5 Bxf5 18. Nxf5 Qf6 19. O-O-O Nb6 20. Qf3 Kc7 21. Bb3 Nac8 22. Qg3 Rhe8 23. f3 Re5 24. Ne3 h5 25. Rd4 Qf4 26. Qxf4 gxf4 27. Nf5 f6 28. g4 fxg3 29. h4 c5 30. Rd2 c4 31. Bc2 Rg8 32. Rg2 Ne7 33. Rxg3 Rxg3 34. Nxg3 d5 35. f4 Re6 36. Nxh5 dxe4 37. Ng7 Rd6 38. Ne8+ 1-0

[Event "ch-Frankfurt A"]
[Site "Frankfurt"]
[Date "2023.06.05"]
[Round "5"]
[White "Pfeiffer, Florian"]
[Black "Martin, Reiner"]
[Result "0-1"]
[WhiteElo "1791"]
[BlackElo "1981"]
[PlyCount "46"]
[EventDate "2023.04.24"]
[EventType "swiss"]
[EventCountry "GER"]

1. d4 Nf6 2. c4 c5 3. d5 e6 4. Nc3 exd5 5. cxd5 d6 6. e4 g6 7. Nf3 Bg7 8. h3 O-O 9. Bf4 Re8 10. Qc2 a6 11. a4 Qe7 12. Bd3 Nh5 13. Bh2 Nd7 14. O-O Ne5 15. Nd2 g5 16. f4 Nxf4 17. Bxf4 gxf4 18. Rxf4 Qg5 19. Raf1 Bxh3 20. Nc4 Nxd3 21. Rxf7 Ne5 22. Nxe5 Bxe5 23. Kh1 Be6 0-1

[Event "ch-Frankfurt A"]
[Site "Frankfurt"]
[Date "2023.06.05"]
[Round "5"]
[White "Pham Tran, Phuong Bao"]
[Black "Leitzig, Reamonn Franky James"]
[Result "0-1"]
[WhiteElo "1826"]
[BlackElo "1468"]
[PlyCount "86"]
[EventDate "2023.04.24"]
[EventType "swiss"]
[EventCountry "GER"]

1. c4 c5 2. g3 g6 3. Bg2 Bg7 4. Nc3 Nc6 5. Nf3 e5 6. O-O Nge7 7. Ne1 d6 8. Nc2 Be6 9. Ne3 O-O 10. a3 Rb8 11. Rb1 a5 12. d3 Nd4 13. b4 axb4 14. axb4 cxb4 15. Rxb4 Qa5 16. Qa4 Qxa4 17. Rxa4 b5 18. cxb5 Nxb5 19. Nxb5 Rxb5 20. Ba3 Rd8 21. Ra6 Nc8 22. Bc6 Rb8 23. Bd5 Bxd5 24. Nxd5 Rb5 25. Nc7 Rb7 26. Nd5 Bf8 27. Rc1 f5 28. Rcc6 Rb1+ 29. Kg2 Re1 30. Rc2 Kf7 31. h4 Ne7 32. Ra7 Ke6 33. Nc7+ Kf6 34. Ra6 Nc8 35. Kf3 Rb1 36. Nd5+ Ke6 37. e4 Rb7 38. Rac6 fxe4+ 39. dxe4 Rb3+ 40. R6c3 Rxc3+ 41. Rxc3 Ne7 42. Nxe7 Bxe7 43. Rc7 Rb8 0-1

[Event "ch-Frankfurt A"]
[Site "Frankfurt"]
[Date "2023.06.05"]
[Round "5"]
[White "Philipp, Nils"]
[Black "Lenhard, Martin"]
[Result "1/2-1/2"]
[WhiteElo "1885"]
[BlackElo "2060"]
[PlyCount "21"]
[EventDate "2023.04.24"]
[EventType "swiss"]
[EventCountry "GER"]

1. e4 e6 2. d4 d5 3. Bd3 dxe4 4. Bxe4 Nf6 5. Bf3 c5 6. Ne2 Nc6 7. Be3 cxd4 8. Nxd4 Ne5 9. O-O Be7 10. Nc3 a6 11. Qe2 1/2-1/2

[Event "ch-Frankfurt A"]
[Site "Frankfurt"]
[Date "2023.06.05"]
[Round "5"]
[White "Reschke, Thomas"]
[Black "Vihan, Shourya"]
[Result "1-0"]
[WhiteElo "2129"]
[BlackElo "1907"]
[PlyCount "45"]
[EventDate "2023.04.24"]
[EventType "swiss"]
[EventCountry "GER"]

1. Nf3 Nf6 2. g3 e6 3. c4 d5 4. b3 d4 5. Bg2 Nc6 6. O-O e5 7. d3 Bf5 8. b4 Bxb4 9. Nxe5 Nxe5 10. Qa4+ Nc6 11. Bxc6+ bxc6 12. Qxb4 Qd6 13. Qa5 Qd7 14. Ba3 h5 15. Nd2 Bg4 16. Nf3 Bxf3 17. exf3 Kd8 18. Rfe1 Qh3 19. Rab1 h4 20. Rb2 Nh5 21. Re7 Rc8 22. Rb8 hxg3 23. Qxc7# 1-0

[Event "ch-Frankfurt A"]
[Site "Frankfurt"]
[Date "2023.06.05"]
[Round "5"]
[White "Rutsatz, Mario"]
[Black "Erdmann, Stefan"]
[Result "1-0"]
[WhiteElo "1912"]
[BlackElo "2127"]
[PlyCount "119"]
[EventDate "2023.04.24"]
[EventType "swiss"]
[EventCountry "GER"]

1. d4 d5 2. c4 c6 3. Nf3 Nf6 4. Nc3 dxc4 5. a4 Bg4 6. Ne5 Bh5 7. g3 Nbd7 8. Nxc4 Nb6 9. Nxb6 axb6 10. Bg2 e6 11. O-O Nd5 12. Re1 Be7 13. Bd2 Nb4 14. Qb3 Bg6 15. Rac1 O-O 16. Red1 Bh5 17. Bf4 Kh8 18. Rd2 Nd5 19. Nxd5 exd5 20. e4 dxe4 21. d5 c5 22. d6 Bg5 23. Bxe4 Bxf4 24. gxf4 Qd7 25. f5 Rxa4 26. Qd5 Rb8 27. f3 f6 28. Qe6 Rd8 29. Qxd7 Rxd7 30. Bxb7 Ra7 31. Bc6 Rd8 32. Re1 Kg8 33. d7 Kf8 34. Rde2 Raxd7 35. Bxd7 Rxd7 36. Kf2 Rd5 37. Re3 Rxf5 38. Rb3 Kf7 39. Ree3 g5 40. Kg2 c4 41. Rxb6 Rd5 42. Kf2 Rd2+ 43. Kg1 Rd4 44. Kg2 Rd2+ 45. Kh3 Bg6 46. Rb4 Kf8 47. Ra3 Rd8 48. Ra7 h5 49. Ra6 Bf5+ 50. Kg3 h4+ 51. Kf2 Bd7 52. Rxf6+ Ke7 53. Rg6 h3 54. Rxc4 Rb8 55. Rg7+ Ke6 56. Re4+ Kf5 57. Rxd7 Rxb2+ 58. Re2 Rb1 59. Kg3 Rg1+ 60. Kxh3 1-0

[Event "ch-Frankfurt A"]
[Site "Frankfurt"]
[Date "2023.06.05"]
[Round "5"]
[White "Schmidt, Markus"]
[Black "Dittenberger, Thomas"]
[Result "1-0"]
[WhiteElo "2120"]
[BlackElo "2010"]
[PlyCount "65"]
[EventDate "2023.04.24"]
[EventType "swiss"]
[EventCountry "GER"]

1. d4 d5 2. c4 e6 3. g3 Nf6 4. Bg2 Bb4+ 5. Nd2 O-O 6. Ngf3 c6 7. O-O Nbd7 8. Qc2 b6 9. e4 Bb7 10. e5 Ne8 11. a3 Be7 12. Re1 Rc8 13. b3 a5 14. Bb2 c5 15. Rad1 h6 16. Nf1 Nc7 17. Rb1 Ba8 18. Ne3 cxd4 19. Nxd4 Bc5 20. f4 Qe7 21. a4 Rfd8 22. cxd5 Nxd5 23. Nxd5 Bxd5 24. Bxd5 exd5 25. Kh1 Bxd4 26. Bxd4 Qb4 27. e6 fxe6 28. Rxe6 Nc5 29. Re7 Ne4 30. Rxg7+ Kf8 31. Qb2 Rc6 32. Rh7 Rdc8 33. Bc5+ 1-0